Variedad de paradigmas y perspectivas en la investigación cualitativa /
Salvato in:
| Autore principale: | |
|---|---|
| Natura: | Sconosciuto |
| Lingua: | Spanish |
| Pubblicazione: |
Madrid:
Editorial síntesis;
2003.
|
| Soggetti: | |
| Tags: |
Aggiungi Tag
Nessun Tag, puoi essere il primo ad aggiungerne!!
|
MARC
| LEADER | 00000 a2200000 04500 | ||
|---|---|---|---|
| 001 | 28534 | ||
| 003 | cru IIS/CIDCACS | ||
| 005 | 20230525143320.0 | ||
| 008 | 991231s2003 sp spa d | ||
| 020 | |a 84-7738-449-5 | ||
| 022 | |a 84-7738-449-5 | ||
| 040 | |a Centro de Recursos para el Aprendizaje y la Investigación |c cru IIS/CIDCACS | ||
| 090 | |a 18.03.01 V185t | ||
| 100 | |a Valles, Miguel S | ||
| 245 | |a Variedad de paradigmas y perspectivas en la investigación cualitativa / |c Miguel S. Valles. | ||
| 260 | |a Madrid: |b Editorial síntesis; |c 2003. | ||
| 300 | |a páginas 47-68. | ||
| 650 | |a INVESTIGACION SOCIAL | ||
| 650 | |a METODOS DE INVESTIGACION | ||
| 650 | |a TEORIA SOCIAL | ||
| 650 | |a CIENCIAS SOCIALES | ||
| 852 | 1 | 1 | |a 18.03.01 V185t |
| 942 | |2 ddc |c LI |h 18.03.01 V185t |k 18.03.01 |m V185t |6 180301_V185T | ||
| 999 | |c 9617 |d 9617 | ||
| 773 | 0 | |0 1314 |9 9040 |a Valles, Miguel S |d Madrid: Síntesis; 2003. |o 01791 |t Técnicas cualitativas de investigación: |w (cru IIS/CIDCACS)28532 |z 84-7738-449-5 | |



